LIBRARY & INFORMATION CENTRE, KCAET, TAVANUR

ONLINE PUBLIC ACCESS CATALOGUE (OPAC)

Growth and development of the young child / (Record no. 10647)

MARC details
000 -LEADER
fixed length control field 00461cam a2200169ua 4500
041 ## - LANGUAGE CODE
Language code of text/sound track or separate title eng
082 ## - DEWEY DECIMAL CLASSIFICATION NUMBER
Classification number 612.65
Item number BRE/GR
100 ## - MAIN ENTRY--AUTHOR NAME
Personal name Breckenridge, Marian E .
245 ## - TITLE STATEMENT
Title Growth and development of the young child /
250 ## - EDITION STATEMENT
Edition statement 6 /
260 ## - PUBLICATION, DISTRIBUTION, ETC. (IMPRINT)
Place of publication :
Name of publisher W B Saunders Company ,
Year of publication 1958.
300 ## - PHYSICAL DESCRIPTION
Number of Pages 548 ; .
700 1# - ADDED ENTRY--PERSONAL NAME
Personal name Murphy, Margaret Nesbitt .
942 ## - ADDED ENTRY ELEMENTS (KOHA)
Koha item type Books
Holdings
Withdrawn status Lost status Damaged status Home library Current library Date acquired Full call number Accession Number Koha item type
      KAUAET KAUAET 07/04/2012 612.65 683 Books
free website counter